| 000 | 00760nam a22002657a 4500 | ||
|---|---|---|---|
| 003 | CHAP | ||
| 005 | 20220329134607.0 | ||
| 008 | 971013s1960 r 00010 d | ||
| 010 | _a22733 | ||
| 011 | _a23705 | ||
| 035 | _a27802 | ||
| 040 | _cCHAP | ||
| 082 |
_a631.4 _bD82pr |
||
| 100 | 0 | 0 |
_aDuchaufour, Philippe. _934357 |
| 245 | _aPrécis de pédologie | ||
| 260 |
_aParís : _bMasson, _c1960 |
||
| 300 |
_a438 p. _b: ilus. |
||
| 590 |
_aBATCH-UPD _b10 _c20130110 _lUCH01 _h1514 |
||
| 590 |
_aCONVERSION _b10 _c20130109 _lUCH01 _h1313 |
||
| 650 | 1 | 4 |
_aSuelos. _9110191 |
| 901 | _aBK | ||
| 942 | _cLIBRO | ||
| 949 |
_a631.4 D82pr _bBC _cLIBRO _d-64326 _eLIBRO _h20957 _i27802 _si |
||
| 949 |
_a631.4 D82pr _bBC _cLIBRO _d33724000061636 _eLIBRO _fc.2 _h12911 _i27802 _si |
||
| 999 |
_c22733 _d22733 |
||